| Registos Bibliográficos associados ao registo de autoridade |
|
Etiqueta de registo: 00000nam 2200025 450 001 1955800 003 http://id.bnportugal.gov.pt/bib/catbnp/1955800 010 ## $a978-989-51-9850-4 021 ## $aPT$b418069/16 100 ## $a20170209d2017 a y0pory01030103ba 101 0# $apor 102 ## $aPT 105 ## $aa z 000fy 106 ## $ar 200 1# $a Um livro com asas$eabraça-me, vive comigo, cresce, abraça-me de novo e deixa-me ir$fRenata Barbosa Lourenço$gil. Tiago Costa Freitas 205 ## $a1ª ed 210 #9 $aLisboa$cChiado Editora,$d2017 215 ## $a[54] p.$cil.$d21 cm 225 2# $aPalavras soltas 675 ## $a087.5$vBN$zpor$3287999 675 ## $a821.134.3-93"20"$vBN$zpor$31046482 675 ## $a821.134.3-34"20"$vBN$zpor$31018838 700 #1 $aLourenço,$bRenata,$f1977-$31671698 702 #1 $aFreitas,$bTiago Costa$4440$31671699 801 #0 $aPT$bBN$gRPC 856 41 $uhttp://rnod.bnportugal.gov.pt/ImagesBN/winlibimg.aspx?skey=&doc=1955800&img=90376&save=true 900 ## $aBIBNAC$d20170418 966 ## $lBN$mFGMON$sP. 46733 V.$x1 966 ## $lBN$mFGMON$sP. 46733 V.-D$x1
Etiqueta de registo: 00254nam 2200025 450 001 2284446 003 http://id.bnportugal.gov.pt/bib/catbnp/2284446 010 ## $a978-989-8304-69-8 021 ## $aPT$b490244/21 100 ## $a20260415d2021 m y0pory01030103ba 101 0# $apor 102 ## $aPT 105 ## $aa z 000yy 106 ## $ar 200 1# $aTod@s somos um!$fAna Simão, Catarina Vale, Renata BArbosa$gil. Bruno Gaspar$gcoord. téc. Cátia Azevedo... [et al.] 210 #9 $aPorto$cEAPN - Rede Europeia Anti-Pobreza,$d2021 215 ## $a87 p.$cil.$d23 cm 700 #1 $aSimão,$bAna,$f1965-$31570150 701 #1 $aVale,$bCatarina$4070$31536552 701 #1 $aLourenço,$bRenata,$f1977-$4070$31671698 702 #1 $aGaspar,$bBruno,$f1979-$4440$31325463 702 #1 $aAzevedo,$bCátia$4340$31696371 801 #0 $aPT$bBN$gRPC 966 ## $lBN$mFGMON$x1 971 ## $cisantos$d20260415
|
|
|